000
00220nam a22000857a 4500
008
161227b xxu||||| |||| 00| 0 eng d
100
_9
2187
_a
Gupta.S.P
245
_a
Work Book Social Political-7
260
_a
NEw Delhi
_b
APC
_c
2011
999
_c
5076
_d
5076